Pokémon A-Z - Statistics

General Stats
  • This quiz has been taken 10 times
  • The average score is 8 of 26
Answer Stats
Hint Answer % Correct
J Origin country of Pokémon Japan
78%
H Legendary Pokémon which appeared in the first anime episode Ho-oh
67%
N Camerupt’s prevolution Numel
67%
Y First Pokémon game in which your Pokémon could follow you Yellow
56%
Z The last Pokemon alphabetically Zygarde
56%
L The harmonica in Hey You Pikachu summons this Pokémon to be used as a ferry Lapras
44%
S Fighting game series featuring a number of Pokémon (and a trainer) Super Smash Bros.
44%
U Instrument played by the Pichu in Pokémon Ranger: Guardian Signs Ukulele
44%
A Region containing the Ranger School Almia
33%
B Gym Leader of the Artazon Gym Brassius
33%
M The only Bird Type in the games MissingNo.
33%
X “____ stands rooted and still in one spot all day long. People believe that this Pokémon does so out of fear of the terrible things it has foreseen in the future” Xatu
33%
D “The Zen Charm Pokémon” Darumaka
22%
G Poké Ball placed on the Ilex Forest shrine to summon Celebi GS Ball
22%
K Card banned for its likeness to Uri Gelller Kadabra
22%
P Electric Soldier _______: episode which caused over 600 Japanese children to be sent to hospitals. Porygon
22%
W Pokémon which swallowed a master ball in the anime Whiscash
22%
C Island which appears in Detective Pikachu Cappucci Island
11%
E Johto location where the Eclipse Festival takes place Eclipse Castle
11%
F “It is a common sight around fishing ports. It is known to rescue people and help fishers carry what they caught” Floatzel
11%
I Careless contact with Raichu can cause this animal to faint Indian Elephant
11%
O Large Mountain in Kitakami’s centre Oni Mountain
11%
Q Project Mew researcher Quillon
11%
R “The reason it hasn't changed at all in a hundred million years is that it's apparently already a perfect life-form” Relicanth
11%
T Protagonist of Pokémon Snap Todd Snap
11%
V Grass/Fighting member of the Swords of Justice Verizion
11%
No matching quizzes found
Score Distribution
Percent of People with Each Score
Percentile by Number Answered
Your Score History
You have not taken this quiz